[Event "Paris-ch op-C 87th"]
[Site "Paris"]
[Date "2012.07.11"]
[Round "3"]
[White "Lecorche, Florent"]
[Black "Durand, Sylvain"]
[Result "0-1"]
[WhiteElo "1758"]
[BlackElo "1865"]
[PlyCount "136"]
[EventDate "2012.07.07"]
[EventType "swiss"]
[EventRounds "9"]
[EventCountry "FRA"]
[SourceTitle "EXT 2014"]
[Source "ChessBase"]
[SourceDate "2013.11.20"]
[SourceVersion "1"]
[SourceVersionDate "2013.11.20"]
[SourceQuality "1"]

1. d4 Nf6 2. c4 e6 3. Nc3 c5 4. d5 exd5 5. cxd5 d6 6. e4 a6 7. a4 g6 8. Bd3 Bg7 9. Nge2 0-0 10. 0-0 Re8 11. a5 Qc7 12. f3 Nbd7 13. b3 Rb8 14. Bd2 Ne5 15. Bc4 Nxc4 16. bxc4 Nd7 17. Ng3 Ne5 18. Qe2 Bd7 19. Rfb1 f5 20. Ra3 fxe4 21. Ngxe4 Bf5 22. Rb6 Nd7 23. Rbb3 Bd4+ 24. Kh1 Nf6 25. Nxf6+ Bxf6 26. Qf2 Bd3 27. Ne4 Bxe4 28. fxe4 Qe7 29. Rf3 Bd4 30. Be3 Qxe4 31. Bxd4 cxd4 32. Rad3 Rbc8 33. h3 Rxc4 34. Rd1 Rc2 35. Qxd4 Qxd4 36. Rxd4 Ree2 37. Rg3 Red2 38. Rxd2 Rxd2 39. Rb3 Rxd5 40. Rxb7 Rxa5 41. Rd7 d5 42. Kg1 Rb5 43. Kf2 a5 44. Ke3 a4 45. Ra7 Rb3+ 46. Kd4 Rg3 47. Rxa4 Rxg2 48. Kxd5 Rg3 49. h4 Rf3 50. Re4 Kg7 51. Ke5 Kh6 52. Rf4 Rh3 53. Kf6 Kh5 54. Kg7 Rxh4 55. Rf6 Kg5 56. Ra6 Rh5 57. Ra5+ Kf4 58. Ra4+ Ke5 59. Ra5+ Kd6 60. Ra7 g5 61. Ra6+ Ke5 62. Ra5+ Kf4 63. Ra4+ Kg3 64. Ra5 Kh4 65. Ra1 g4 66. Kf6 g3 67. Rg1 Kg4 68. Kg7 Kf3 0-1

[Event "Paris-ch op-B"]
[Site "Paris"]
[Date "2009.07.05"]
[Round "2"]
[White "Heng, Jim"]
[Black "Lecorche, Florent"]
[Result "1-0"]
[WhiteElo "1675"]
[BlackElo "1777"]
[PlyCount "79"]
[EventDate "2009.07.04"]
[EventType "swiss"]
[EventRounds "9"]
[EventCountry "FRA"]
[SourceTitle "EXT 2010"]
[Source "ChessBase"]
[SourceDate "2010.11.25"]
[SourceVersion "1"]
[SourceVersionDate "2010.11.25"]
[SourceQuality "1"]

1. e4 e6 2. d4 d5 3. Nd2 c5 4. Ngf3 Nc6 5. exd5 exd5 6. dxc5 Bxc5 7. Nb3 Bb6 8. Nbd4 Qe7+ 9. Be2 Nf6 10. c3 0-0 11. 0-0 Bg4 12. Be3 Rfe8 13. Re1 Ne4 14. Bb5 Qd6 15. Qa4 Rac8 16. h3 Bxd4 17. Nxd4 Bd7 18. Rad1 a6 19. Bf1 Ne5 20. Qb3 Nc5 21. Qb4 Qg6 22. Bf4 f6 23. Re3 b5 24. Rg3 Qe4 25. Bxe5 Qxe5 26. Re3 Qh5 27. Rde1 Qg6 28. Rxe8+ Bxe8 29. Nb3 Nd3 30. Bxd3 Qxd3 31. Qg4 Qc4 32. Qe6+ Bf7 33. Qxa6 Rc6 34. Qa8+ Rc8 35. Qb7 Rc7 36. Qb8+ Rc8 37. Qb7 Rc7 38. Qb6 Rc6 39. Qd8+ Be8 40. Qxe8# 1-0